Implementácia európskych štrukturálnych a investičných fondov v podmienkach Slovenskej republiky

Európske štrukturálne a investičné fondy vo vyšehradskom regióne. Zhodnotenie implementačného procesu čerpania týchto fondov na Slovensku. Pozícia Slovenska vo vzťahu k susedným krajinám, pozícia jednotlivých regiónov NUTS3.

Guardado en:
Detalles Bibliográficos
Autor principal: Leško, Peter, 1989-
Formato: Capítulo de libro
Lenguaje:inglés
Materias:
Etiquetas: Agregar Etiqueta
Sin Etiquetas, Sea el primero en etiquetar este registro!

MARC

LEADER 00000naa$a2200000$$$4500
001 0249879
005 20240712115530.1
041 0 |a eng 
044 |a SK 
245 1 0 |a Implementácia európskych štrukturálnych a investičných fondov v podmienkach Slovenskej republiky  |c Peter Leško 
520 |a Európske štrukturálne a investičné fondy vo vyšehradskom regióne. Zhodnotenie implementačného procesu čerpania týchto fondov na Slovensku. Pozícia Slovenska vo vzťahu k susedným krajinám, pozícia jednotlivých regiónov NUTS3. 
610 2 0 |a rozvoj hospodársky 
610 2 0 |a regióny 
610 2 0 |a financovanie 
610 2 0 |a fondy štruktúrne 
610 2 0 |a fondy investičné 
610 2 0 |a Slovensko 
610 2 0 |a Vyšehradská štvorka 
610 2 0 |a Európska únia 
100 1 |a Leško, Peter, 1989-